La franc-maconnerie et l'eglise catholique: perspectives de pacification

Spremljeno u:
Bibliografski detalji
Glavni autor: Berteloot, J (Autor)
Format: Knjiga
Jezik:francuski
Izdano: París Monde Nouveau 1947
Teme:
Oznake: Dodaj oznaku
Bez oznaka, Budi prvi tko označuje ovaj zapis!

MARC

LEADER 00000nam a2200000 a 4500
001 UCH2681
003 CL-VaPUC
008 090624e19470000FR |||||||||||||||||fre|d
082 0 4 |a 366.1  |b BER  |2 21 
100 0 |a Berteloot, J  |e author  |9 537674 
245 1 3 |a La franc-maconnerie et l'eglise catholique: perspectives de pacification 
300 |a 242 p 
942 |c BK 
945 |d 20090624 00:00:00  |a rbrito 
260 |a París  |b Monde Nouveau  |c 1947 
650 7 |a FRANCMASONERIA  |2 CL-VaPUC  |9 431833 
650 0 |a Masones   |9 526932 
650 0 |a Iglesia Católica  |9 256114 
583 |a last modification  |c 20090624 00:00:00  |k Rodrigo Vera 
999 |c 334397  |d 334395 
952 |0 0  |1 0  |4 0  |6 366_100000000000000_BER_1947  |7 0  |8 X  |9 423388  |a FDOBUD  |b FDOBUD  |d 2019-11-22  |i 4558499  |o 366.1 BER 1947  |p 4558499  |r 2019-11-22  |w 2019-11-22  |y BK_X  |k BUD